Cataluña por imagen - Estadísticas

Estadísticas generales
  • Esta prueba ha sido intentada 463 veces
  • La puntuación promedio es 11 de 18
Estadísticas de respuestas
Imagen Hint Respuesta % Correcto
(estadio) Camp Nou
97%
(jugador de baloncesto) Pau Gasol
93%
(alimento) Pan con tomate
91%
(torre) Castell
84%
(danza) Sardana
82%
(parque) Park Güell
80%
(fiesta) Diada de Sant Jordi
78%
(bandera) Estelada
75%
(parque de atracciones) Tibidabo
72%
(torre) Torre Glòries
66%
(montaña) Montserrat
62%
(escritora) Mercè Rodoreda i Gurguí
51%
(zona volcánica) Garrotxa
50%
(iglesia) San Román de Sau
45%
(ceremonia) Cagatió
34%
(empresa) Naturgy
30%
(ciudad) Sabadell
26%
(soldados) Manaies
10%
No se encontraron pruebas coincidentes
Distribución de puntuación
Porcentaje de gente con cada puntuación
Porcentaje por número respondido
Historial de tus puntuaciones
No has intentado esta prueba.